Para una lectura de el Periquillo Sarniento de Lizardi /
Resumen: Desde la problemática del género, analiza la estructura y el sentido de la novela El periquillo Sarniento. También, aborda el problema referido por los críticos al hablar de una perspectiva didáctico-moralizante en el texto.
Đã lưu trong:
| Tác giả chính: | |
|---|---|
| Định dạng: | Không biết |
| Những chủ đề: | |
| Các nhãn: |
Thêm thẻ
Không có thẻ, Là người đầu tiên thẻ bản ghi này!
|
MARC
| LEADER | 000000000a22000000004500 | ||
|---|---|---|---|
| 001 | 005632 | ||
| 100 | 1 | |a Mora Escalante, Sonia Marta | |
| 245 | 1 | 0 | |a Para una lectura de el Periquillo Sarniento de Lizardi / |c Sonia Marta Mora Escalante. |
| 520 | |a Resumen: Desde la problemática del género, analiza la estructura y el sentido de la novela El periquillo Sarniento. También, aborda el problema referido por los críticos al hablar de una perspectiva didáctico-moralizante en el texto. | ||
| 650 | 4 | |a FERNÁNDEZ DE LIZARDI, JOSÉ JOAQUÍN | |
| 650 | 4 | |a EL PERIQUILLO SARMIENTO | |
| 650 | 4 | |a HISTORIA Y CRÍTICA | |
| 773 | 0 | |d Heredia, Costa Rica : Editorial de la Universidad Nacional |t Letras |g número 6-7 (1980), páginas 73-116 | |
| 942 | |c ARC | ||
| 999 | |c 12387 |d 12387 | ||
